Desarrollo regional ensayos (Registro nro. 164418)

Detalles MARC
000 -ENCABEZADO
Número de control [NR] 01040nam a22002657a 4500
008 - DE LONGITUD FIJA DE DATOS DE ELEMENTOS - INFORMACIÓN GENERAL
Elementos de longitud fija [NR] 130821s2007 ck a gr spa
020 ## - NUMERO INTERNACIONAL NORMALIZADO PARA LIBROS [R]
Número Internacional Normalizado del libro [NR] 9789588208350
040 ## - FUENTE DE CATALOGACION [NR]
Agencia de catalogación original [NR] CO-BoUCM
Idioma de catalogación [NR] spa
Quien Cataloga
Quien Clasifica Aldemar Mondragón
041 00 - CODIGO DE IDIOMA [R]
Código de idioma para texto/pista de sonido o título separado [R] Español
245 00 - MENCION DE TITULO [NR]
Título [NR] Desarrollo regional ensayos
Mención de responsabilidad, etc. [NR] Sergio Boisier...[y otros] ; prólogo Mario Calderón Rivera
260 ## - PUBLICACION, DISTRIBUCION, ETC. (PIE DE IMPRENTA) [R]
Lugar de publicación, distribución, etc. [R] Manizales (Caldas, Colombia)
Nombre del editor, distribuidor, etc. [R] Universidad Autónoma de Manizales
Fecha de publicación, distribución, etc. [R] 2007
300 ## - DESCRIPCION FISICA [R]
Extensión [R] 253 páginas
Otros detalles físicos [NR] tablas
490 0# - MENCION DE SERIE [R]
Mención de serie [R] Colección Desarrollo, Región y Paz
650 ## - ASIENTO SECUNDARIO DE MATERIA - TERMINO TEMATICO [R]
Término temático o nombre geográfico como elemento de entrada [NR] Desarrollo económico
9 (RLIN) 438
650 #7 - ASIENTO SECUNDARIO DE MATERIA - TERMINO TEMATICO [R]
Término temático o nombre geográfico como elemento de entrada [NR] Desarrollo económico
Subdivisión geográfica [R] Colombia
9 (RLIN) 28493
650 #7 - ASIENTO SECUNDARIO DE MATERIA - TERMINO TEMATICO [R]
Término temático o nombre geográfico como elemento de entrada [NR] Desarrollo regional
Subdivisión geográfica [R] Colombia
9 (RLIN) 29919
700 1# - ASIENTO SECUNDARIO - NOMBRE PERSONAL [R]
Nombre personal [NR] Boisier, Sergio
9 (RLIN) 29653
700 1# - ASIENTO SECUNDARIO - NOMBRE PERSONAL [R]
Nombre personal [NR] Calderón Rivera, Mario
9 (RLIN) 29656
Término de relación [R] prólogo
700 1# - ASIENTO SECUNDARIO - NOMBRE PERSONAL [R]
Nombre personal [NR] Chaparro, Fernando
9 (RLIN) 29654
700 1# - ASIENTO SECUNDARIO - NOMBRE PERSONAL [R]
Nombre personal [NR] Vallaeys, Francois
9 (RLIN) 29655
700 1# - ASIENTO SECUNDARIO - NOMBRE PERSONAL [R]
Nombre personal [NR] Vallejo, César
9 (RLIN) 883
710 2# - ASIENTO SECUNDARIO - NOMBRE CORPORATIVO [R]
Nombre corporativo o de jurisdicción como elemento de entrada [NR] Universidad Autónoma de Manizales
9 (RLIN) 29657
942 ## - ELEMENTOS DE ENTRADA AGREGADOS (KOHA)
Tipo de ítem principal el descrito en 300a Libro
Tema principal Economía
Edición 1
Parte restante de la signatura top. D441
Sistema de clasificación DEWEY
Clasificación 338.98613
Existencias
Fecha de último préstamo Total préstamos Total Renewals Signatura topográfica Código de barras Última vez visto Ejemplar Price effective from Tipo de ítem Perdido Sistema de clasificación Dañado No prestable Tipo de ítem específico Suprimido Ubicación habitual Ubicación actual Localización Fecha de creación Forma de adquisición Costo
16/05/2015 1 1 338.98613 D441 100130113 04/12/2025 Ej.1 08/02/2013 Libro   DEWEY     Libro   Claustro Claustro Mezanine 25/01/2013 Donación 26000.00